Statistics for AC Milan Squad 2017-2018

Click here to take the quiz!

General Stats

  • This quiz has been taken 117 times
  • The average score is 20 of 31

Answer Stats

Nbr Post Nationality Player % Correct
90GKItalyAntonio Donnarumma
95%
99GKItalyGianluigi Donnarumma
95%
79MFIvory CoastFranck Kessie
88%
9FWPortugalAndré Silva
88%
68DFSwitzerlandRicardo Rodriguez
87%
19DFItalyLeonardo Bonucci
87%
8FWSpainFernandez Suso
86%
10FWTurkeyHakan Calhanoglu
82%
21MFArgentinaLucas Biglia
79%
13DFItalyAlessio Romagnoli
76%
7FWCroatiaNikola Kalinic
76%
5MFItalyGiacomo Bonaventura
76%
20DFItalyIgnazio Abate
75%
17DFColombiaCristian Zapata
74%
63FWItalyPatrick Cutrone
73%
18MFItalyRiccardo Montolivo
71%
22DFArgentinaMateo Musacchio
68%
-CoachItalyVincenzo Montella
65%
12DFItalyAndrea Conti
64%
11FWItalyFabio Borini
62%
2DFItalyDavide Calabria
61%
15DFParaguayGustavo Gomez
58%
73MFItalyManuel Locatelli
56%
31DFItalyLuca Antonelli
47%
30GKItalyMarco Storari
46%
4MFItalyJose Mauri
46%
23MFArgentinaJosé Sosa
40%
29DFItalyGabriel Paletta
39%
46DFItalyMatteo Gabbia
24%
45MFItalyNiccolo Zanellato
19%
75GKItalyAlessandro Guarnone
14%

Score Distribution

Percentile by Number Answered

Percent of People with Each Score

Your Score History

You have not taken this quiz